Changes in the Retail Market Structure Through the Prism of Consumer Behaviour
Zhodnotenie vzťahu medzi rastom online predaja a zmenami v štruktúre maloobchodného trhu. Správanie spotrebiteľa v elektronickom obchode. Rozvoj maloobchodného trhu.
Uložené v:
| Hlavný autor: | |
|---|---|
| Ďalší autori: | , |
| Médium: | Kapitola |
| Jazyk: | English |
| Predmet: | |
| Tagy: |
Žiadne tagy, Buďte prvý, kto otaguje tento záznam!
|
MARC
| LEADER | 00000naa a2200000 4500 | ||
|---|---|---|---|
| 001 | 0278913 | ||
| 005 | 20211006120059.5 | ||
| 041 | 0 | |a eng | |
| 044 | |a SK | ||
| 245 | 1 | 0 | |a Changes in the Retail Market Structure Through the Prism of Consumer Behaviour |c Alena Filipová, Veronika Mokrejšová, Jiří Zeman |
| 520 | |a Zhodnotenie vzťahu medzi rastom online predaja a zmenami v štruktúre maloobchodného trhu. Správanie spotrebiteľa v elektronickom obchode. Rozvoj maloobchodného trhu. | ||
| 610 | 2 | 0 | |a trh |
| 610 | 2 | 0 | |a predaj |
| 610 | 2 | 0 | |a obchod elektronický |
| 610 | 2 | 0 | |a maloobchod |
| 610 | 2 | 0 | |a správanie spotrebiteľa |
| 100 | 1 | |a Filipová, Alena | |
| 700 | 1 | |a Mokrejšová, Veronika | |
| 700 | 1 | |a Zeman, Jiří | |